Préfectures de la Provence-Alpes-Côte d'Azur - Statistiques

Statistiques générales
  • Ce quiz a été pris 201 fois
  • Le résultat moyen est 5 sur 6
Statistiques - réponses
Département Préfecture % Correct
Bouches-du-Rhône Marseille
100%
Alpes-Maritimes Nice
99%
Var Toulon
88%
Vaucluse Avignon
76%
Hautes-Alpes Gap
70%
Alpes-de-Haute-Provence Digne-les-Bains
63%
Aucun quiz correspondant
Distribution des résultats
% des personnes avec chaque résultat
Percentile par nombre de réponses
Votre historique - résultats
Vous n’avez pas pris ce quiz